[Event "Vilnius"]
[Site "Vilnius"]
[Date "1988.??.??"]
[Round "?"]
[White "Smirin, Ilia"]
[Black "Oll, Lembit"]
[Result "1/2-1/2"]
[WhiteElo "2510"]
[BlackElo "2465"]
[PlyCount "60"]
[EventDate "1988.01.??"]
[EventType "tourn"]
[EventRounds "15"]
[EventCountry "URS"]
[EventCategory "9"]
[Source "ChessBase"]
[SourceDate "1988.12.01"]

1. e4 c5 2. Ne2 Nc6 3. d4 cxd4 4. Nxd4 Nf6 5. Nc3 d6 6. Be2 e6 7. O-O Be7 8.
Be3 O-O 9. f4 a6 10. Nxc6 bxc6 11. Bd3 e5 12. h3 exf4 13. Rxf4 Nd7 14. Rf2 Ne5
15. Ne2 Bh4 16. Rf1 Bf6 17. Rb1 Re8 18. Qd2 a5 19. Rbd1 a4 20. Nd4 c5 21. Nb5
Nxd3 22. cxd3 Be6 23. Nc3 Bxc3 24. bxc3 d5 25. exd5 Qxd5 26. c4 Qe5 27. d4 cxd4
28. Bxd4 Qh5 29. c5 Rac8 30. a3 Qg6 1/2-1/2

[Event "URS-ch FL56"]
[Site "Klaipeda"]
[Date "1988.??.??"]
[Round "?"]
[White "Dolmatov, Sergey"]
[Black "Oll, Lembit"]
[Result "0-1"]
[WhiteElo "2550"]
[BlackElo "2475"]
[PlyCount "98"]
[EventDate "1988.11.??"]
[EventType "tourn"]
[EventRounds "17"]
[EventCountry "URS"]
[EventCategory "9"]
[Source "ChessBase"]
[SourceDate "1989.08.01"]

1. e4 c5 2. Nf3 Nc6 3. d4 cxd4 4. Nxd4 Nf6 5. Nc3 d6 6. Bg5 e6 7. Qd2 Be7 8.
O-O-O O-O 9. f4 Nxd4 10. Qxd4 Qa5 11. Bc4 Bd7 12. Rhe1 Bc6 13. Bb3 Rfd8 14. Qd3
h6 15. Bh4 Qh5 16. Bg3 Nd7 17. Qf1 Nc5 18. Bc4 Bf6 19. Be2 Qg6 20. e5 dxe5 21.
Rxd8+ Rxd8 22. fxe5 Bg5+ 23. Kb1 Ne4 24. Nxe4 Bxe4 25. Bd1 Rxd1+ 26. Rxd1 Bxc2+
27. Ka1 Bxd1 28. Qxd1 Qe4 29. Qf1 Qc2 30. a3 Be3 31. Qf3 Qc1+ 32. Ka2 Qc4+ 33.
Ka1 Qc1+ 34. Ka2 b5 35. Qa8+ Kh7 36. Qe4+ g6 37. Qf3 Qc4+ 38. Ka1 Qc1+ 39. Ka2
Kg8 40. Qe2 Qc5 41. Qe1 Kg7 42. Kb1 h5 43. Qf1 Qd5 44. Qe2 Bd4 45. Bf4 Bxb2 46.
Kxb2 Qd4+ 47. Kb3 Qa4+ 48. Kc3 Qxf4 49. Qxb5 Qxh2 0-1

[Event "URS-ch FL56"]
[Site "Klaipeda"]
[Date "1988.??.??"]
[Round "?"]
[White "Gelfand, Boris"]
[Black "Oll, Lembit"]
[Result "1/2-1/2"]
[WhiteElo "2585"]
[BlackElo "2475"]
[PlyCount "38"]
[EventDate "1988.11.??"]
[EventType "tourn"]
[EventRounds "17"]
[EventCountry "URS"]
[EventCategory "9"]
[Source "ChessBase"]
[SourceDate "1989.08.01"]

1. d4 d5 2. c4 c6 3. Nf3 Nf6 4. Nc3 e6 5. e3 Nbd7 6. Bd3 dxc4 7. Bxc4 b5 8. Bd3
Bb7 9. a3 b4 10. axb4 Bxb4 11. O-O c5 12. Ba6 Qb8 13. Bd2 O-O 14. Qe2 cxd4 15.
exd4 Be7 16. Bg5 Nd5 17. Nxd5 Bxg5 18. Bxb7 Qxb7 19. Nc3 Bf6 1/2-1/2

[Event "URS-ch FL56"]
[Site "Klaipeda"]
[Date "1988.??.??"]
[Round "?"]
[White "Mikhalchishin, Adrian"]
[Black "Oll, Lembit"]
[Result "1/2-1/2"]
[WhiteElo "2480"]
[BlackElo "2475"]
[PlyCount "79"]
[EventDate "1988.11.??"]
[EventType "tourn"]
[EventRounds "17"]
[EventCountry "URS"]
[EventCategory "9"]
[Source "ChessBase"]
[SourceDate "1989.08.01"]

1. e4 c5 2. Nf3 d6 3. d4 cxd4 4. Nxd4 Nf6 5. Nc3 e6 6. g4 Nc6 7. g5 Nd7 8. Be3
Be7 9. f4 O-O 10. Qd2 Nxd4 11. Bxd4 e5 12. Be3 exf4 13. Bxf4 Ne5 14. Be2 Be6
15. O-O-O Rc8 16. Kb1 a6 17. h4 Re8 18. h5 Qa5 19. Nd5 Qa4 20. Bxe5 dxe5 21. c4
Qc6 22. Bd3 Qd6 23. Qg2 Kh8 24. Rhg1 Rf8 25. Be2 Bd8 26. g6 Bxd5 27. Rxd5 Qb6
28. gxh7 Bf6 29. Rgd1 Rcd8 30. c5 Qc7 31. Qf2 Rxd5 32. exd5 e4 33. d6 Qd7 34.
h6 Qe6 35. hxg7+ Bxg7 36. Qf4 f5 37. d7 Qf6 38. Rd2 Rd8 39. Bc4 Bh6 40. Qd6
1/2-1/2

[Event "URS-ch FL56"]
[Site "Klaipeda"]
[Date "1988.??.??"]
[Round "?"]
[White "Oll, Lembit"]
[Black "Aseev, Konstantin"]
[Result "1/2-1/2"]
[WhiteElo "2475"]
[BlackElo "2445"]
[PlyCount "112"]
[EventDate "1988.11.??"]
[EventType "tourn"]
[EventRounds "17"]
[EventCountry "URS"]
[EventCategory "9"]
[Source "ChessBase"]
[SourceDate "1989.08.01"]

1. e4 c5 2. Nf3 d6 3. d4 cxd4 4. Nxd4 Nf6 5. Nc3 Nc6 6. Bg5 e6 7. Qd2 Be7 8.
O-O-O O-O 9. f4 h6 10. Bh4 Nxd4 11. Qxd4 a6 12. g4 Nxg4 13. Bxe7 Qxe7 14. Qxd6
Qxd6 15. Rxd6 b5 16. Be2 Nf6 17. e5 Bb7 18. Re1 Ne4 19. Nxe4 Bxe4 20. a4 Rfc8
21. c3 Bc6 22. axb5 axb5 23. Rd4 Kf8 24. Kc2 Ke7 25. Rg1 g6 26. h4 Rd8 27. Rb4
Ra5 28. h5 gxh5 29. Bxh5 Rh8 30. Rd4 Ra7 31. Rd6 Rc7 32. Kd3 Ra8 33. Rg7 Be8
34. Rg8 Ra4 35. Ke3 b4 36. c4 Rxc4 37. Be2 Rc8 38. Rb6 Bd7 39. Rg7 Ra7 40. Bh5
Be8 41. Rxb4 Rcc7 42. Bf3 Bc6 43. Bxc6 Rxc6 44. Rh7 Rcc7 45. Rxh6 Rab7 46. Rxb7
Rxb7 47. Rh2 Rb3+ 48. Ke4 Rb4+ 49. Kf3 Rb3+ 50. Kg4 f6 51. Rh7+ Kf8 52. exf6
Rxb2 53. Re7 Rg2+ 54. Kf3 Rg6 55. Rxe6 Kf7 56. Ra6 Rxf6 1/2-1/2

[Event "URS-ch FL56"]
[Site "Klaipeda"]
[Date "1988.??.??"]
[Round "?"]
[White "Oll, Lembit"]
[Black "Goldin, Alexander"]
[Result "1-0"]
[WhiteElo "2475"]
[BlackElo "2530"]
[PlyCount "93"]
[EventDate "1988.11.??"]
[EventType "tourn"]
[EventRounds "17"]
[EventCountry "URS"]
[EventCategory "9"]
[Source "ChessBase"]
[SourceDate "1989.08.01"]

1. d4 Nf6 2. c4 e6 3. Nc3 Bb4 4. Qc2 O-O 5. a3 Bxc3+ 6. Qxc3 b6 7. Bg5 Bb7 8.
f3 h6 9. Bh4 d5 10. cxd5 exd5 11. Bxf6 Qxf6 12. Qxc7 Ba6 13. Qe5 Qc6 14. Qe3
Rc8 15. Nh3 Qc2 16. Qd2 Qb3 17. Rc1 Nd7 18. Rc3 Qa2 19. Nf4 Nf6 20. g4 g5 21.
Nd3 Bxd3 22. exd3 Rxc3 23. Qxc3 Qb1+ 24. Kd2 Re8 25. Bg2 Qa2 26. h4 a5 27. hxg5
hxg5 28. f4 gxf4 29. Bf3 Nh7 30. Rh5 Qb1 31. Bd1 Re3 32. Qc2 Qxc2+ 33. Kxc2 Nf8
34. Rxd5 Ne6 35. Kd2 Rg3 36. Rf5 Rg2+ 37. Kc3 Rg1 38. d5 Nc5 39. Bf3 Rc1+ 40.
Kd4 Kf8 41. g5 Ke7 42. Rf6 Nd7 43. d6+ Ke8 44. Rxf4 Rg1 45. Bc6 Rxg5 46. Re4+
Kd8 47. Re7 1-0

[Event "URS-ch FL56"]
[Site "Klaipeda"]
[Date "1988.??.??"]
[Round "?"]
[White "Oll, Lembit"]
[Black "Guseinov, Aidyn"]
[Result "1-0"]
[WhiteElo "2475"]
[BlackElo "2325"]
[PlyCount "45"]
[EventDate "1988.11.??"]
[EventType "tourn"]
[EventRounds "17"]
[EventCountry "URS"]
[EventCategory "9"]
[Source "ChessBase"]
[SourceDate "1989.08.01"]

1. e4 e5 2. Nf3 Nc6 3. Bb5 Nd4 4. Nxd4 exd4 5. O-O c6 6. Bc4 d5 7. exd5 cxd5 8.
Bb5+ Bd7 9. Qe2+ Ne7 10. b3 $5 Bxb5 11. Qxb5+ Qd7 12. Qd3 O-O-O 13. Bb2 Nc6 14.
Bxd4 h5 15. Nc3 $1 Nb4 16. Qf3 Nxc2 17. Bxa7 Nxa1 18. Nxd5 $1 Rh6 19. Rc1+ Rc6
20. Nb6+ Kc7 21. Rxc6+ Qxc6 22. Qxf7+ Rd7 23. Na8+ 1-0

[Event "URS-ch FL56"]
[Site "Klaipeda"]
[Date "1988.??.??"]
[Round "?"]
[White "Oll, Lembit"]
[Black "Kholmov, Ratmir"]
[Result "1/2-1/2"]
[WhiteElo "2475"]
[BlackElo "2475"]
[PlyCount "47"]
[EventDate "1988.11.??"]
[EventType "tourn"]
[EventRounds "17"]
[EventCountry "URS"]
[EventCategory "9"]
[Source "ChessBase"]
[SourceDate "1989.08.01"]

1. d4 Nf6 2. c4 e6 3. Nf3 Bb4+ 4. Nbd2 b6 5. a3 Bxd2+ 6. Qxd2 Bb7 7. e3 d6 8.
Be2 Nbd7 9. O-O O-O 10. b4 c5 11. Bb2 Qe7 12. Rfd1 Rfd8 13. Rac1 Rac8 14. Ba1
Nf8 15. a4 Ng6 16. a5 Ne4 17. Qb2 cxb4 18. Qxb4 d5 19. Qxe7 Nxe7 20. axb6 axb6
21. Bd3 Ba6 22. Bxe4 dxe4 23. Nd2 f5 24. Bb2 1/2-1/2

[Event "URS-ch FL56"]
[Site "Klaipeda"]
[Date "1988.??.??"]
[Round "?"]
[White "Oll, Lembit"]
[Black "Psakhis, Lev"]
[Result "1/2-1/2"]
[WhiteElo "2475"]
[BlackElo "2560"]
[PlyCount "36"]
[EventDate "1988.11.??"]
[EventType "tourn"]
[EventRounds "17"]
[EventCountry "URS"]
[EventCategory "9"]
[Source "ChessBase"]
[SourceDate "1989.08.01"]

1. d4 Nf6 2. c4 e6 3. Nc3 Bb4 4. Qc2 O-O 5. a3 Bxc3+ 6. Qxc3 b6 7. Bg5 h6 8.
Bh4 Bb7 9. e3 g5 10. Bg3 Ne4 11. Qc2 f5 12. f3 Nxg3 13. hxg3 Qf6 14. Bd3 c5 15.
Ne2 Nc6 16. Qc3 Rac8 17. dxc5 bxc5 18. f4 Ne7 1/2-1/2

[Event "URS-ch FL56"]
[Site "Klaipeda"]
[Date "1988.??.??"]
[Round "?"]
[White "Oll, Lembit"]
[Black "Rozentalis, Eduardas"]
[Result "1/2-1/2"]
[WhiteElo "2475"]
[BlackElo "2490"]
[PlyCount "64"]
[EventDate "1988.11.??"]
[EventType "tourn"]
[EventRounds "17"]
[EventCountry "URS"]
[EventCategory "9"]
[Source "ChessBase"]
[SourceDate "1989.08.01"]

1. e4 e5 2. Nf3 Nf6 3. Nxe5 d6 4. Nf3 Nxe4 5. d4 d5 6. Bd3 Bd6 7. O-O O-O 8. c4
c6 9. Re1 Bf5 10. Qb3 Na6 11. Nc3 dxc4 12. Bxc4 Nxc3 13. bxc3 b5 14. Bf1 Nc7
15. a4 a5 16. Bg5 Qd7 17. Ne5 Bxe5 18. dxe5 Be6 19. Red1 Bxb3 20. Rxd7 Rfc8 21.
axb5 cxb5 22. g3 Ne6 23. Be3 Rxc3 24. Bxb5 a4 25. Ra7 Rxa7 26. Bxa7 Rc7 27. Be3
Rc8 28. f4 Rb8 29. Bc6 g6 30. Ra3 Rb4 31. Kf2 h5 32. Bd2 Rc4 1/2-1/2

[Event "URS-ch FL56"]
[Site "Klaipeda"]
[Date "1988.??.??"]
[Round "?"]
[White "Oll, Lembit"]
[Black "Smirin, Ilia"]
[Result "0-1"]
[WhiteElo "2475"]
[BlackElo "2500"]
[PlyCount "46"]
[EventDate "1988.11.??"]
[EventType "tourn"]
[EventRounds "17"]
[EventCountry "URS"]
[EventCategory "9"]
[Source "ChessBase"]
[SourceDate "1989.08.01"]

1. e4 c5 2. Nf3 d6 3. d4 cxd4 4. Nxd4 Nf6 5. Nc3 e6 6. f4 a6 7. Be3 b5 8. e5
dxe5 9. fxe5 Nd5 10. Nxd5 Qxd5 11. Be2 Qxe5 12. Qd2 Bb7 13. Bf4 Qc5 14. O-O-O
Be7 15. Bxb8 Rxb8 16. Nxe6 fxe6 17. Qd7+ Kf8 18. Qxe6 Bxg2 19. Rhe1 Rb6 20. Qd7
Be4 21. Rf1+ Rf6 22. Rxf6+ gxf6 23. Rd2 Rg8 0-1

[Event "URS-ch FL56"]
[Site "Klaipeda"]
[Date "1988.??.??"]
[Round "?"]
[White "Shirov, Alexei"]
[Black "Oll, Lembit"]
[Result "1/2-1/2"]
[WhiteElo "2380"]
[BlackElo "2475"]
[PlyCount "39"]
[EventDate "1988.11.??"]
[EventType "tourn"]
[EventRounds "17"]
[EventCountry "URS"]
[EventCategory "9"]
[Source "ChessBase"]
[SourceDate "1989.08.01"]

1. d4 Nf6 2. c4 e6 3. Nf3 b6 4. Nc3 Bb7 5. Bg5 Be7 6. Qc2 c5 7. dxc5 bxc5 8. e3
d6 9. Be2 Nbd7 10. O-O O-O 11. Rfd1 a6 12. Rd2 Qb6 13. Rad1 Rfd8 14. Bf4 Nf8
15. Ne1 Ng6 16. Bg3 Rab8 17. Bf3 e5 18. Ne4 Ne8 19. Nc3 Nf6 20. Ne4 1/2-1/2

[Event "Espoo op"]
[Site "Espoo"]
[Date "1989.??.??"]
[Round "2"]
[White "Raaste, Eero J"]
[Black "Oll, Lembit"]
[Result "1/2-1/2"]
[WhiteElo "2395"]
[BlackElo "2510"]
[PlyCount "38"]
[EventDate "1989.??.??"]
[EventType "swiss"]
[EventRounds "9"]
[EventCountry "FIN"]
[Source "ChessBase"]
[SourceDate "1996.11.15"]

1. e4 c5 2. Nf3 Nc6 3. d4 cxd4 4. Nxd4 Nf6 5. Nc3 d6 6. Be2 e6 7. O-O Be7 8.
Be3 Bd7 9. Nb3 a6 10. a4 Na5 11. Nd2 O-O 12. f4 Qb8 13. g4 Rc8 14. g5 Ne8 15.
f5 d5 16. fxe6 Bxe6 17. exd5 Qe5 18. Nde4 Rxc3 19. Qd4 Qxd4 1/2-1/2

[Event "Espoo op"]
[Site "Espoo"]
[Date "1989.??.??"]
[Round "3"]
[White "Oll, Lembit"]
[Black "Hazai, Laszlo"]
[Result "1/2-1/2"]
[WhiteElo "2510"]
[BlackElo "2460"]
[PlyCount "31"]
[EventDate "1989.??.??"]
[EventType "swiss"]
[EventRounds "9"]
[EventCountry "FIN"]
[Source "ChessBase"]
[SourceDate "1996.11.15"]

1. d4 Nf6 2. c4 g6 3. g3 Bg7 4. Bg2 c5 5. d5 d6 6. Nc3 O-O 7. Nf3 a6 8. O-O b5
9. cxb5 axb5 10. Nxb5 Nbd7 11. Ne1 Ba6 12. Na3 Nb6 13. Nec2 Ra7 14. Nb1 Qa8 15.
b4 Nbxd5 16. Bb2 1/2-1/2

[Event "Espoo op"]
[Site "Espoo"]
[Date "1989.??.??"]
[Round "4"]
[White "Warwaszynski, Zbigniew"]
[Black "Oll, Lembit"]
[Result "0-1"]
[WhiteElo "2325"]
[BlackElo "2510"]
[PlyCount "102"]
[EventDate "1989.??.??"]
[EventType "swiss"]
[EventRounds "9"]
[EventCountry "FIN"]
[Source "ChessBase"]
[SourceDate "1996.11.15"]

1. e4 c5 2. Nf3 d6 3. d4 cxd4 4. Qxd4 a6 5. c4 Nc6 6. Qd2 g6 7. b3 Bg7 8. Nc3
Bg4 9. Be2 Nf6 10. Bb2 O-O 11. O-O Qa5 12. Rfd1 Nd7 13. Nd5 Qxd2 14. Rxd2 Nc5
15. Bxg7 Kxg7 16. h3 Bxf3 17. Bxf3 b5 18. b4 Ne6 19. Rc1 Ned4 20. Be2 Nxe2+ 21.
Rxe2 Nd4 22. Rd2 e5 23. Kf1 bxc4 24. Rxc4 Rfc8 25. Rxc8 Rxc8 26. Ke1 Rc1+ 27.
Rd1 Rc4 28. f3 f5 29. Rd3 fxe4 30. fxe4 Nc6 31. Kd2 Rxe4 32. a3 Nd4 33. Nc3 Rf4
34. g3 Rf2+ 35. Kd1 Kf7 36. Ne4 Rf1+ 37. Kd2 Ke6 38. Ng5+ Kd5 39. Nxh7 e4 40.
Re3 Ke5 41. Ng5 d5 42. Rc3 Rf2+ 43. Kd1 Rg2 44. h4 Nf5 45. Rc6 Rxg3 46. Rxa6
Rg1+ 47. Ke2 Nxh4 48. Nh3 Rg2+ 49. Kf1 e3 50. Re6+ Kxe6 51. Nf4+ Kd6 0-1

[Event "Espoo op"]
[Site "Espoo"]
[Date "1989.??.??"]
[Round "5"]
[White "Jasnikowski, Zbigniew"]
[Black "Oll, Lembit"]
[Result "1/2-1/2"]
[WhiteElo "2430"]
[BlackElo "2510"]
[PlyCount "22"]
[EventDate "1989.??.??"]
[EventType "swiss"]
[EventRounds "9"]
[EventCountry "FIN"]
[Source "ChessBase"]
[SourceDate "1996.11.15"]

1. d4 Nf6 2. c4 e6 3. Nf3 Bb4+ 4. Bd2 Qe7 5. g3 Nc6 6. Nc3 d5 7. cxd5 exd5 8.
a3 Bxc3 9. Bxc3 O-O 10. Bg2 Re8 11. e3 a5 1/2-1/2

[Event "Espoo op"]
[Site "Espoo"]
[Date "1989.??.??"]
[Round "6"]
[White "Oll, Lembit"]
[Black "Valkesalmi, Kimmo"]
[Result "1/2-1/2"]
[WhiteElo "2510"]
[BlackElo "2410"]
[PlyCount "51"]
[EventDate "1989.??.??"]
[EventType "swiss"]
[EventRounds "9"]
[EventCountry "FIN"]
[Source "ChessBase"]
[SourceDate "1996.11.15"]

1. d4 d5 2. c4 c6 3. Nf3 Nf6 4. Qc2 g6 5. Bf4 Bg7 6. e3 O-O 7. Nc3 Be6 8. Ng5
Bf5 9. Qb3 Qb6 10. h3 h6 11. Nf3 g5 12. Bh2 Nbd7 13. c5 Qxb3 14. axb3 Bg6 15.
b4 a6 16. Nd2 Nh7 17. Nb3 e5 18. dxe5 Bxe5 19. Bxe5 Nxe5 20. O-O-O Nf6 21. Na5
Rab8 22. Rd4 Rfe8 23. Be2 Ned7 24. h4 Nf8 25. g3 Ne4 26. hxg5 1/2-1/2

[Event "Espoo op"]
[Site "Espoo"]
[Date "1989.??.??"]
[Round "7"]
[White "Oll, Lembit"]
[Black "Nei, Ivo"]
[Result "1-0"]
[WhiteElo "2510"]
[BlackElo "2440"]
[PlyCount "80"]
[EventDate "1989.??.??"]
[EventType "swiss"]
[EventRounds "9"]
[EventCountry "FIN"]
[Source "ChessBase"]
[SourceDate "1996.11.15"]

1. d4 d5 2. c4 e6 3. Nf3 Nf6 4. g3 dxc4 5. Bg2 Bb4+ 6. Bd2 a5 7. O-O O-O 8. Qc2
b5 9. a4 c6 10. axb5 Bxd2 11. Nfxd2 Qxd4 12. Nxc4 Qc5 13. Nba3 Ra7 14. Nxa5
Qxc2 15. Nxc2 cxb5 16. Nd4 Bd7 17. Rfc1 Ra6 18. b4 Rb6 19. f4 Re8 20. Nab3 Na6
21. Nc6 Nd5 22. Ne5 Bc8 23. Bxd5 exd5 24. Nd4 f6 25. Nd3 Kf7 26. Kf2 g5 27. Ra5
Kg6 28. Rxb5 Rxb5 29. Nxb5 Bf5 30. Nd6 Rb8 31. b5 Bxd3 32. exd3 Nb4 33. Rb1
Nxd3+ 34. Ke3 Nc5 35. b6 Rd8 36. Kd4 Nd7 37. Kxd5 Nb8 38. b7 gxf4 39. gxf4 Kh5
40. Rc1 Na6 1-0

[Event "Espoo op"]
[Site "Espoo"]
[Date "1989.??.??"]
[Round "8"]
[White "Konopka, Michal"]
[Black "Oll, Lembit"]
[Result "1/2-1/2"]
[WhiteElo "2405"]
[BlackElo "2510"]
[PlyCount "24"]
[EventDate "1989.??.??"]
[EventType "swiss"]
[EventRounds "9"]
[EventCountry "FIN"]
[Source "ChessBase"]
[SourceDate "1996.11.15"]

1. Nf3 Nf6 2. c4 e6 3. g3 d5 4. d4 dxc4 5. Bg2 Be7 6. O-O O-O 7. Qc2 a6 8. Qxc4
b5 9. Qc2 Bb7 10. Bg5 Nbd7 11. Bxf6 Nxf6 12. Nbd2 Rc8 1/2-1/2

[Event "Helsinki2"]
[Site "Helsinki"]
[Date "1989.??.??"]
[Round "2"]
[White "Pirttimaki, Timo"]
[Black "Oll, Lembit"]
[Result "1/2-1/2"]
[WhiteElo "2250"]
[BlackElo "2510"]
[PlyCount "56"]
[EventDate "1989.??.??"]
[EventType "tourn"]
[EventRounds "9"]
[EventCountry "FIN"]
[EventCategory "5"]
[Source "ChessBase"]
[SourceDate "1996.11.15"]

1. e4 c5 2. Nf3 e6 3. d4 cxd4 4. Nxd4 Qb6 5. Nb3 Nc6 6. Bd3 Nf6 7. Nc3 Be7 8.
O-O O-O 9. Be3 Qc7 10. f4 d6 11. a3 b6 12. Qf3 Bb7 13. g4 d5 14. e5 Nd7 15. Qh3
g6 16. Nb5 Qc8 17. N5d4 Nc5 18. Nxc6 Qxc6 19. Nd4 Qc7 20. Rf3 f6 21. Qh5 fxe5
22. Bxg6 Bf6 23. fxe5 Bxe5 24. Rxf8+ Rxf8 25. Nxe6 Bxh2+ 26. Qxh2 Qxh2+ 27.
Kxh2 Nxe6 28. Bf5 Re8 1/2-1/2

[Event "Helsinki2"]
[Site "Helsinki"]
[Date "1989.??.??"]
[Round "3"]
[White "Oll, Lembit"]
[Black "Durao, Joaquim"]
[Result "1-0"]
[WhiteElo "2510"]
[BlackElo "2220"]
[PlyCount "48"]
[EventDate "1989.??.??"]
[EventType "tourn"]
[EventRounds "9"]
[EventCountry "FIN"]
[EventCategory "5"]
[Source "ChessBase"]
[SourceDate "1996.11.15"]

1. e4 e5 2. Nf3 d6 3. Bc4 c6 4. d4 Nf6 5. Ng5 d5 6. exd5 h6 7. dxe5 hxg5 8.
exf6 Qxf6 9. Nc3 Bb4 10. Bd2 Bf5 11. Qe2+ Kf8 12. O-O-O Nd7 13. dxc6 bxc6 14.
Ne4 Bxd2+ 15. Rxd2 Bxe4 16. Rxd7 Bg6 17. g3 Re8 18. Qd2 Kg8 19. Rd6 Qf3 20. Rd1
Rh6 21. Qxg5 Rh7 22. h4 Qxf2 23. R6d2 Qf3 24. Rf1 Qe3 1-0

[Event "Helsinki2"]
[Site "Helsinki"]
[Date "1989.??.??"]
[Round "4"]
[White "Karolyi, Tibor Jr"]
[Black "Oll, Lembit"]
[Result "1/2-1/2"]
[WhiteElo "2440"]
[BlackElo "2510"]
[PlyCount "63"]
[EventDate "1989.??.??"]
[EventType "tourn"]
[EventRounds "9"]
[EventCountry "FIN"]
[EventCategory "5"]
[Source "ChessBase"]
[SourceDate "1996.11.15"]

1. d4 d5 2. c4 c6 3. Nf3 Nf6 4. Nc3 dxc4 5. a4 Bf5 6. e3 e6 7. Bxc4 Bb4 8. O-O
Nbd7 9. Nh4 O-O 10. Nxf5 exf5 11. Qc2 g6 12. f3 Rc8 13. Na2 Bd6 14. Nc3 c5 15.
d5 Qe7 16. Bd2 Ne8 17. Rae1 Bxh2+ 18. Kxh2 Qh4+ 19. Kg1 Qxc4 20. e4 fxe4 21.
Rxe4 Qa6 22. Bh6 Nef6 23. Bxf8 Nxe4 24. Qxe4 Kxf8 25. Re1 Qf6 26. Kf1 a6 27.
Re2 h5 28. d6 Qxd6 29. Qxb7 Rb8 30. Qe4 Rb4 31. Qe8+ Kg7 32. Re7 1/2-1/2

[Event "Helsinki2"]
[Site "Helsinki"]
[Date "1989.??.??"]
[Round "5"]
[White "Oll, Lembit"]
[Black "Pyhala, Antti"]
[Result "1-0"]
[WhiteElo "2510"]
[BlackElo "2385"]
[PlyCount "87"]
[EventDate "1989.??.??"]
[EventType "tourn"]
[EventRounds "9"]
[EventCountry "FIN"]
[EventCategory "5"]
[Source "ChessBase"]
[SourceDate "1996.11.15"]

1. e4 e5 2. Nf3 Nc6 3. Bb5 a6 4. Ba4 Nf6 5. Qe2 b5 6. Bb3 Be7 7. O-O O-O 8. c3
d6 9. h3 Bb7 10. d4 Na5 11. Bc2 d5 12. Nxe5 Nxe4 13. a4 b4 14. cxb4 Bxb4 15.
Bf4 c5 16. f3 Nf6 17. Nd3 Nc6 18. dxc5 a5 19. Qf2 d4 20. Bg5 h6 21. Bh4 g5 22.
Bg3 Nd5 23. Bd6 Re8 24. Na3 Ne3 25. Nb5 Re6 26. Bb3 Rg6 27. Rfc1 Qd7 28. Nxb4
axb4 29. Nxd4 Nxd4 30. Qxe3 Nxb3 31. Qxb3 h5 32. Re1 g4 33. fxg4 Qc6 34. Qg3
hxg4 35. h4 Rxa4 36. Rxa4 Qxa4 37. h5 Rg7 38. Be5 Qc6 39. Bxg7 Qxc5+ 40. Qf2
Qxf2+ 41. Kxf2 Kxg7 42. Re5 Bc8 43. Kg3 Kh6 44. Kh4 1-0

[Event "Helsinki2"]
[Site "Helsinki"]
[Date "1989.??.??"]
[Round "6"]
[White "Oll, Lembit"]
[Black "Maki, Veijo"]
[Result "0-1"]
[WhiteElo "2510"]
[BlackElo "2420"]
[PlyCount "76"]
[EventDate "1989.??.??"]
[EventType "tourn"]
[EventRounds "9"]
[EventCountry "FIN"]
[EventCategory "5"]
[Source "ChessBase"]
[SourceDate "1996.11.15"]

1. e4 c5 2. Nf3 Nc6 3. d4 cxd4 4. Nxd4 Nf6 5. Nc3 d6 6. Bg5 e6 7. Qd2 a6 8.
O-O-O Bd7 9. f4 Be7 10. Nf3 b5 11. Bxf6 gxf6 12. Kb1 Qb6 13. f5 O-O-O 14. g3
Kb8 15. fxe6 fxe6 16. Bh3 Bc8 17. Qe1 Bf8 18. Ne2 Bg7 19. Nf4 Rhe8 20. Rf1 Qc5
21. Qf2 Kc7 22. Rd3 Qxf2 23. Rxf2 Bh8 24. a3 Ne5 25. Rc3+ Nc4 26. Nd4 f5 27.
Nfe2 fxe4 28. b3 e5 29. Nf5 d5 30. bxc4 bxc4 31. g4 Be6 32. Bg2 Rb8+ 33. Kc1
Bf6 34. h4 Rf8 35. Rf1 d4 36. Rh3 e3 37. g5 Bxf5 38. Rxf5 Be7 0-1

[Event "Helsinki2"]
[Site "Helsinki"]
[Date "1989.??.??"]
[Round "7"]
[White "Nevanlinna, Risto"]
[Black "Oll, Lembit"]
[Result "0-1"]
[WhiteElo "2325"]
[BlackElo "2510"]
[PlyCount "69"]
[EventDate "1989.??.??"]
[EventType "tourn"]
[EventRounds "9"]
[EventCountry "FIN"]
[EventCategory "5"]
[Source "ChessBase"]
[SourceDate "1996.11.15"]

1. d4 Nf6 2. c4 g6 3. Nc3 d5 4. Nf3 Bg7 5. Bg5 Ne4 6. Bh4 Nxc3 7. bxc3 dxc4 8.
e3 b5 9. a4 c6 10. Qb1 a6 11. Be2 O-O 12. O-O h6 13. Rd1 Re8 14. Ra2 Nd7 15. d5
cxd5 16. axb5 Nb6 17. Nd2 Qc7 18. e4 Bxc3 19. exd5 Bxd2 20. Raxd2 Bf5 21. Qb4
axb5 22. Bg3 Qd7 23. d6 e5 24. Rb2 Na4 25. Rc1 Be4 26. Re1 Bc6 27. Bd1 e4 28.
Bf4 Kh7 29. Be3 Re6 30. Bc2 Ra6 31. Ra1 Nc5 32. Rxa6 Nxa6 33. Qa5 Bb7 34. Qb6
Nb4 35. Qd4 0-1

[Event "Helsinki2"]
[Site "Helsinki"]
[Date "1989.??.??"]
[Round "9"]
[White "Lindstedt, Johan"]
[Black "Oll, Lembit"]
[Result "0-1"]
[WhiteElo "2275"]
[BlackElo "2510"]
[PlyCount "80"]
[EventDate "1989.??.??"]
[EventType "tourn"]
[EventRounds "9"]
[EventCountry "FIN"]
[EventCategory "5"]
[Source "ChessBase"]
[SourceDate "1996.11.15"]

1. d4 Nf6 2. c4 e6 3. Nf3 Bb4+ 4. Nbd2 b6 5. g3 Bb7 6. Bg2 O-O 7. O-O d5 8. Qc2
Nbd7 9. a3 Be7 10. cxd5 exd5 11. b4 Re8 12. Bb2 Bd6 13. Rfe1 Qe7 14. Rac1 a5
15. b5 Bxa3 16. Bxa3 Qxa3 17. Bh3 Re7 18. Nb1 Qb4 19. Bxd7 Rxd7 20. Ne5 Re7 21.
Nc6 Bxc6 22. Qxc6 Rd8 23. e3 h5 24. Nc3 Rd6 25. Qb7 Kh7 26. Qc8 Rde6 27. Ne2
Qxb5 28. Rxc7 Rxc7 29. Qxc7 Qb4 30. Qc2+ g6 31. Rb1 Rc6 32. Qd3 Qa4 33. Nf4 Qa2
34. Rb5 Ng4 35. Nh3 Rf6 36. Qf1 Nxe3 37. Qe1 Nc2 38. Ng5+ Kg7 39. Qc3 Nb4 40.
Qe1 Nd3 0-1

[Event "Imperia op"]
[Site "Imperia"]
[Date "1989.??.??"]
[Round "4"]
[White "Oll, Lembit"]
[Black "Dragojlovic, Andjelko"]
[Result "1-0"]
[WhiteElo "2510"]
[BlackElo "2315"]
[PlyCount "35"]
[EventDate "1989.??.??"]
[EventType "swiss"]
[EventRounds "9"]
[EventCountry "ITA"]
[Source "ChessBase"]
[SourceDate "1996.11.15"]

1. e4 c5 2. Nf3 d6 3. d4 cxd4 4. Nxd4 Nf6 5. Nc3 e6 6. f4 Be7 7. Bb5+ Bd7 8. e5
dxe5 9. fxe5 Nd5 10. Nxd5 exd5 11. Qg4 O-O 12. Bxd7 Nxd7 13. Bh6 g6 14. Bxf8
Bxf8 15. e6 Qa5+ 16. c3 Re8 17. O-O fxe6 18. Rae1 1-0